रज़ा और बादशाह / (Record no. 54873)
[ view plain ]
| 000 -LEADER | |
|---|---|
| fixed length control field | 02300nam a22003137a 4500 |
| 005 - DATE AND TIME OF LATEST TRANSACTION | |
| control field | 20110804145636.0 |
| 010 ## - LCCN (DPL NO) | |
| LC control number | B-435923-927 |
| 020 ## - INTERNATIONAL STANDARD BOOK NUMBER | |
| Terms of availability | 25.00 |
| International Standard Book Number | 8182632331 |
| 035 ## - SYSTEM CONTROL NUMBER | |
| System control number | B-435923-927 |
| 037 ## - SOURCE OF ACQUISITION | |
| Source of stock number/acquisition | ब्लयूबेरी बुक्स |
| 082 ## - DEWEY DECIMAL CLASSIFICATION NUMBER | |
| Classification number | क |
| 100 ## - MAIN ENTRY--PERSONAL NAME | |
| Personal name | सेन गुप्ता, सुभद्रा |
| 245 ## - TITLE STATEMENT | |
| Title | रज़ा और बादशाह / |
| Statement of responsibility, etc | सुभद्रा सेन गुप्ता; तापोष गुहा द्वारा चित्रांकित; मनीषा चौधरी द्वारा हिन्दी में अनुदित |
| 246 ## - VARYING FORM OF TITLE | |
| Title proper/short title | Raza aur badshah |
| Remainder of title | by Subhadhra Sen Gupta |
| 250 ## - EDITION STATEMENT | |
| Edition statement | 3रा हिन्दी संस्क. |
| 260 ## - PUBLICATION, DISTRIBUTION, ETC. (IMPRINT) | |
| Place of publication, distribution, etc | नई दिल्ली |
| Name of publisher, distributor, etc | प्रथम बुक्स |
| Date of publication, distribution, etc | 2010 |
| 270 ## - ADDRESS | |
| City | नई दिल्ली |
| Telephone number | +911141042483 |
| Fax number | |
| Electronic mail address | www.prathambooks.org |
| 300 ## - PHYSICAL DESCRIPTION | |
| Extent | 15पृ.; |
| Dimensions | 24सेमी (अजिल्द) |
| Other physical details | सचित्र |
| 490 ## - SERIES STATEMENT | |
| Series statement | |
| -- | 32060 |
| 500 ## - GENERAL NOTE | |
| General note | |
| 700 ## - ADDED ENTRY--PERSONAL NAME | |
| Personal name | गुहा, तापोष |
| 9 (RLIN) | 31284 |
| 942 ## - ADDED ENTRY ELEMENTS (KOHA) | |
| Source of classification or shelving scheme | Dewey Decimal Classification |
| Item type | Children Books |
| Call number suffix | सेनगु |
| Classification part | क |
| Withdrawn status | Lost status | Not for loan | Collection code | Home library | Current library | Date acquired | Source of acquisition | Cost, normal purchase price | Full call number | Barcode | Copy number | Cost, replacement price | Koha item type |
|---|---|---|---|---|---|---|---|---|---|---|---|---|---|
| Fiction | Central Library | Central Library | 09/08/2011 | ब्ल्यू बेरी/6364/25.3.2011/83/21.3.11/31.3.11 | 25.00 | क सेनगु | B-435923 | 1 | 25.00 | Children Books | |||
| Fiction | Karol Bagh | Karol Bagh | 09/08/2011 | ब्ल्यू बेरी/6364/25.3.2011/83/21.3.11/31.3.11 | 25.00 | क सेनगु | B-435926 | 1 | 25.00 | Children Books | |||
| Fiction | Patel Nagar | Patel Nagar | 09/08/2011 | ब्ल्यू बेरी/6364/25.3.2011/83/21.3.11/31.3.11 | 25.00 | क सेनगु | B-435924 | 1 | 25.00 | Children Books | |||
| Fiction | Sarojini Nagar | Sarojini Nagar | 09/08/2011 | ब्ल्यू बेरी/6364/25.3.2011/83/21.3.11/31.3.11 | 25.00 | क सेनगु | B-435925 | 1 | 25.00 | Children Books | |||
| Lost and Paid For | Fiction | Shahdara Branch | Shahdara Branch | 09/08/2011 | ब्ल्यू बेरी/6364/25.3.2011/83/21.3.11/31.3.11 | 25.00 | क सेनगु | B-435927 | 1 | 25.00 | Children Books |
